[Event "CRO-chT3"]
[Site "Zagreb"]
[Date "2009.04.19"]
[Round "5"]
[White "Banusic, Zeljko"]
[Black "Zecevic, Dean"]
[Result "1/2-1/2"]
[WhiteElo "2277"]
[BlackElo "2219"]
[PlyCount "109"]
[EventDate "2009.03.08"]
[EventType "team-tourn"]
[EventRounds "9"]
[EventCountry "CRO"]
[SourceTitle "EXT 2011"]
[Source "ChessBase"]
[SourceDate "2010.11.26"]
[SourceVersion "1"]
[SourceVersionDate "2010.11.26"]
[SourceQuality "1"]

1. d4 d5 2. Nf3 Nf6 3. c4 c6 4. e3 Bf5 5. Nc3 e6 6. Qb3 Qb6 7. c5 Qc7 8. Nh4 Be4 9. Nxe4 dxe4 10. g3 Be7 11. Ng2 Nbd7 12. Bc4 0-0 13. Nf4 e5 14. Ne2 b6 15. cxb6 axb6 16. Nc3 b5 17. Be2 exd4 18. exd4 b4 19. Nd1 c5 20. Be3 cxd4 21. Bxd4 Bc5 22. Bxc5 Qxc5 23. Ne3 Nb6 24. 0-0 Nbd5 25. Rfc1 Qa5 26. Bc4 Nxe3 27. Qxe3 Qh5 28. Be2 Qe5 29. Qb3 h5 30. Rc4 e3 31. f4 Qe6 32. Rxb4 Qh3 33. Rb5 h4 34. Qxe3 Rfe8 35. Re5 hxg3 36. Qxg3 Qd7 37. Qe3 Rxe5 38. fxe5 Re8 39. a4 Qc7 40. Rc1 Qb8 41. Qd4 Rxe5 42. Rc8+ Qxc8 43. Qxe5 Ng4 44. Qc3 Qf5 45. Bf3 Ne5 46. Bg2 Qb1+ 47. Bf1 Qg6+ 48. Qg3 Qb6+ 49. Qf2 Qb4 50. Bb5 Qg4+ 51. Kf1 Qd1+ 52. Kg2 Qg4+ 53. Kh1 Qd1+ 54. Kg2 Qg4+ 55. Kf1 1/2-1/2

[Event "CRO-chT3"]
[Site "Zagreb"]
[Date "2009.03.15"]
[Round "2"]
[White "Maravic, Stjepan"]
[Black "Banusic, Zeljko"]
[Result "1/2-1/2"]
[WhiteElo "2174"]
[BlackElo "2277"]
[PlyCount "49"]
[EventDate "2009.03.08"]
[EventType "team-tourn"]
[EventRounds "9"]
[EventCountry "CRO"]
[SourceTitle "EXT 2011"]
[Source "ChessBase"]
[SourceDate "2010.11.26"]
[SourceVersion "1"]
[SourceVersionDate "2010.11.26"]
[SourceQuality "1"]

1. d4 Nf6 2. Nf3 g6 3. Bg5 Ne4 4. Bh4 d5 5. Nbd2 Bg7 6. e3 c5 7. c3 Qb6 8. Qb3 Nxd2 9. Nxd2 e6 10. Be2 Nc6 11. Bg3 Qxb3 12. Nxb3 c4 13. Nd2 e5 14. dxe5 Nxe5 15. Bxe5 Bxe5 16. e4 dxe4 17. Nxe4 Be6 18. 0-0 0-0-0 19. f4 Bc7 20. Ng5 Rd2 21. Nxe6 Rxe2 22. Nxc7 Kxc7 23. Rf2 Rhe8 24. Kf1 Rxf2+ 25. Kxf2 1/2-1/2

[Event "CRO-chT3"]
[Site "Zagreb"]
[Date "2008.05.04"]
[Round "6"]
[White "Banusic, Zeljko"]
[Black "Kristovic, Marijan"]
[Result "0-1"]
[WhiteElo "2291"]
[BlackElo "2327"]
[PlyCount "100"]
[EventDate "2008.03.30"]
[EventType "team-tourn"]
[EventRounds "9"]
[EventCountry "CRO"]
[SourceTitle "EXT 2011"]
[Source "ChessBase"]
[SourceDate "2010.11.26"]
[SourceVersion "1"]
[SourceVersionDate "2010.11.26"]
[SourceQuality "1"]

1. d4 Nf6 2. Nf3 e6 3. Bg5 b6 4. e4 h6 5. Bxf6 Qxf6 6. Bd3 Bb7 7. 0-0 g5 8. Nc3 Nc6 9. e5 Qe7 10. Ne4 Bg7 11. c3 0-0-0 12. Qe2 d6 13. exd6 cxd6 14. Rfe1 Kb8 15. b4 Rc8 16. a4 Nd8 17. Rec1 g4 18. Nfd2 h5 19. a5 bxa5 20. bxa5 f5 21. Ng3 Qc7 22. Ba6 Ka8 23. Bxb7+ Qxb7 24. a6 Qc6 25. Rab1 h4 26. Ngf1 h3 27. f3 hxg2 28. Qxg2 Bh6 29. fxg4 Rg8 30. h3 fxg4 31. hxg4 Qxg2+ 32. Kxg2 Rxg4+ 33. Kf3 Rf4+ 34. Ke2 Rc6 35. Ne3 Rh4 36. Ndc4 Bxe3 37. Nxe3 Rxa6 38. Rg1 Rh8 39. Rg7 d5 40. c4 dxc4 41. Nxc4 Nc6 42. Rd7 Ra4 43. Rc1 Nb4 44. Ne3 Ra2+ 45. Kf3 Ra3 46. Ke4 Kb8 47. Rg1 Rh4+ 48. Kf3 Rh3+ 49. Kf4 Nd3+ 50. Ke4 Rxe3+ 0-1

[Event "CRO-chT"]
[Site "Pula"]
[Date "1999.09.18"]
[Round "9"]
[White "Banusic, Zeljko"]
[Black "Storga, Dalibor"]
[Result "1-0"]
[WhiteElo "2224"]
[BlackElo "2175"]
[PlyCount "62"]
[EventDate "1999.09.05"]
[EventType "team"]
[EventRounds "9"]
[EventCountry "CRO"]
[SourceTitle "EXT 2000"]
[Source "ChessBase"]
[SourceDate "1999.11.16"]
[SourceVersion "1"]
[SourceVersionDate "1999.11.16"]
[SourceQuality "1"]

1. d4 Nf6 2. Nf3 e6 3. g3 b6 4. Bg2 Bb7 5. 0-0 Be7 6. c4 d6 7. Nc3 Nbd7 8. d5 e5 9. e4 0-0 10. Ne1 Ne8 11. Nd3 Nc5 12. Be3 Nxd3 13. Qxd3 Bc8 14. f4 Nf6 15. Kh1 Ng4 16. Bg1 exf4 17. gxf4 f5 18. e5 Rb8 19. h3 Nxe5 20. fxe5 dxe5 21. Bh2 Bd6 22. Rad1 e4 23. Qd2 Bxh2 24. Kxh2 Qd6+ 25. Kg1 a6 26. b4 Bd7 27. a3 Rf6 28. Qf4 Rbf8 29. Ne2 Qxf4 30. Nxf4 a5 31. Nh5 Rh6 1-0

[Event "CRO-chT"]
[Site "Pula"]
[Date "1999.09.15"]
[Round "6"]
[White "Banusic, Zeljko"]
[Black "Dusper, Hrvoje"]
[Result "1/2-1/2"]
[WhiteElo "2224"]
[BlackElo "2232"]
[PlyCount "44"]
[EventDate "1999.09.05"]
[EventType "team"]
[EventRounds "9"]
[EventCountry "CRO"]
[SourceTitle "EXT 2000"]
[Source "ChessBase"]
[SourceDate "1999.11.16"]
[SourceVersion "1"]
[SourceVersionDate "1999.11.16"]
[SourceQuality "1"]

1. d4 Nf6 2. c4 e6 3. g3 d5 4. Nf3 dxc4 5. Qa4+ Nbd7 6. Bg2 a6 7. Nc3 Rb8 8. Qxc4 b5 9. Qd3 Bb7 10. 0-0 Bb4 11. Rd1 0-0 12. Bf4 Bxc3 13. Qxc3 Nd5 14. Qc1 N7b6 15. Bd2 Nc4 16. Be1 f6 17. b3 Nd6 18. Ba5 Qd7 19. a3 Rfc8 20. Ne1 b4 21. axb4 Nb6 22. Qb2 Ndc4 1/2-1/2

[Event "CRO-chT2"]
[Site "Pula"]
[Date "1998.??.??"]
[Round "6"]
[White "Hodak, Stevo"]
[Black "Banusic, Zeljko"]
[Result "1/2-1/2"]
[WhiteElo "2200"]
[BlackElo "2240"]
[PlyCount "84"]
[EventDate "1998.??.??"]
[EventType "team"]
[EventRounds "9"]
[EventCountry "CRO"]
[SourceTitle "EXT 2000"]
[Source "ChessBase"]
[SourceDate "1999.11.16"]
[SourceVersion "1"]
[SourceVersionDate "1999.11.16"]
[SourceQuality "1"]

1. e4 c5 2. Nf3 d6 3. Bb5+ Bd7 4. Bxd7+ Qxd7 5. 0-0 Nc6 6. Re1 g6 7. c3 Bg7 8. d4 Nf6 9. Bg5 cxd4 10. cxd4 0-0 11. Nc3 e6 12. h3 h6 13. Bh4 Nh5 14. d5 exd5 15. exd5 Ne5 16. Nxe5 Bxe5 17. Qg4 Qxg4 18. hxg4 Nf4 19. Bg3 Rac8 20. Bxf4 Bxf4 21. Re7 Rb8 22. Kf1 Rfe8 23. Rae1 Kf8 24. Rxe8+ Rxe8 25. Rxe8+ Kxe8 26. Ke2 Be5 27. Nd1 Ke7 28. Kd3 Kd7 29. Ke4 Bf6 30. b3 Bd8 31. f4 Ba5 32. Nf2 Ke7 33. Nd3 Bd2 34. a4 Bc3 35. b4 Bd2 36. b5 Kd7 37. Nb2 Bb4 38. Nc4 Kc7 39. f5 Kd7 40. fxg6 fxg6 41. Kf4 Ke7 42. Ke4 Kf6 1/2-1/2

[Event "CRO-chT2"]
[Site "Tucepi"]
[Date "1996.??.??"]
[Round "?"]
[White "Banusic, Zeljko"]
[Black "Bozanic, Ivica"]
[Result "0-1"]
[WhiteElo "2265"]
[BlackElo "2240"]
[PlyCount "132"]
[EventDate "1996.??.??"]
[EventType "team"]
[EventRounds "9"]
[EventCountry "CRO"]
[SourceTitle "EXT 1998"]
[Source "ChessBase"]
[SourceDate "1997.11.17"]
[SourceVersion "1"]
[SourceVersionDate "1997.11.17"]
[SourceQuality "1"]

1. Nf3 f5 2. c4 Nf6 3. Nc3 d6 4. d4 g6 5. g3 Bg7 6. Bg2 0-0 7. d5 Nbd7 8. 0-0 Nc5 9. Be3 Ng4 10. Bd4 e5 11. dxe6 Bxe6 12. Bxg7 Kxg7 13. h3 Nf6 14. Qd4 a5 15. Ne1 Qe7 16. Nd3 Nxd3 17. exd3 Qd7 18. Rfe1 Rfe8 19. Nb5 Bf7 20. Qc3 c6 21. Nd4 h6 22. Rxe8 Qxe8 23. Re1 Qd7 24. a4 Qd8 25. Ne6+ Bxe6 26. Rxe6 Kf7 27. Re2 Qb6 28. Qd2 h5 29. Qe3 Qxe3 30. Rxe3 Ra6 31. d4 Rb6 32. b3 Rb4 33. f3 g5 34. Kf2 f4 35. Rc3 fxg3+ 36. Kxg3 h4+ 37. Kf2 Nh5 38. Bf1 Nf4 39. Ke3 Kf6 40. Kd2 d5 41. Re3 dxc4 42. Bxc4 b5 43. axb5 cxb5 44. Bf1 Rxd4+ 45. Kc2 Rb4 46. Rc3 Ne6 47. Kb2 Nd4 48. Ka3 Ke5 49. Bd3 Kf4 50. Be4 Kg3 51. Bd5 Ne2 52. Rc5 Nf4 53. Bc6 Nxh3 54. Bd7 Nf4 55. Rxg5+ Kf2 56. Rg8 Rd4 57. Bg4 Rd1 58. Ra8 Nd3 59. Ka2 Rd2+ 60. Kb1 Rb2+ 61. Ka1 Rxb3 62. Rxa5 Rb4 63. Bd7 Nc5 64. Ra2+ Kg3 65. Bc6 Nb3+ 66. Kb2 Nd4+ 0-1